BIBLIOTECA PODER JUDICIAL
Portal Judicial TDF

La organización internacional "INTERPOL" y la extraterritorialidad de la ley penal / (Registro nro. 512)

000 -LEADER
fixed length control field 00634nam a22001937a 4500
003 - CONTROL NUMBER IDENTIFIER
control field OSt
005 - DATE AND TIME OF LATEST TRANSACTION
control field 20180518054350.0
008 - FIXED-LENGTH DATA ELEMENTS--GENERAL INFORMATION
fixed length control field 180221b xxu||||| |||| 00| 0 spa d
040 ## - CATALOGING SOURCE
Transcribing agency PJ
100 ## - ASIENTO PRINCIPAL - NOMBRE DE PERSONA
Personal name Smith, Juan Carlos
9 (RLIN) 125
245 13 - MENCIÓN DE TÍTULO
Título propiamente dicho La organización internacional "INTERPOL" y la extraterritorialidad de la ley penal /
Mención de responsabilidad, etc Juan Carlos Smith.
260 ## - PUBLICATION, DISTRIBUTION, ETC. (IMPRINT)
Place of publication, distribution, etc La Plata:
Name of publisher, distributor, etc Librería Jurídica,
Date of publication, distribution, etc 1970.
300 ## - DESCRIPCION FISICA
Extent 125 p.
Dimensions 20 cm.
500 ## - NOTA GENERAL
General note Notas al pie de página.
610 ## - SUBJECT ADDED ENTRY--CORPORATE NAME
Corporate name or jurisdiction name as entry element INTERPOL
650 #0 - ASIENTO SECUNDARIO DE MATERIA - TERMINO TEMATICO
9 (RLIN) 653
Topical term or geographic name as entry element DERECHO INTERNACIONAL PENAL
650 #0 - ASIENTO SECUNDARIO DE MATERIA - TERMINO TEMATICO
9 (RLIN) 654
Topical term or geographic name as entry element ORGANISMOS INTERNACIONALES
942 ## - ADDED ENTRY ELEMENTS (KOHA)
Source of classification or shelving scheme
Koha item type Libros
Classification part 341.456
Item part SMI
Existencias
Withdrawn status Lost status Source of classification or shelving scheme Damaged status Not for loan Permanent Location Current Location Date acquired Full call number Barcode Date last seen Price effective from Koha item type
          Biblioteca Poder Judicial Sur Biblioteca Poder Judicial Sur 2018-05-18 341.456 SMI 0203 2018-05-18 2018-05-18 Libros

12 de Octubre 789 Ushuaia - Tel:  54(02901)441571
Horario de Atención: 8.00 a 17.00 hs. 
bibliotecaush@justierradelfuego.gov.ar
koha@justierradelfuego.gov.ar
Seguinos en nuestras redes @bibliojustdf 

Con tecnología Koha